000 00506nam a2200193Ia 4500
003 GCL
008 140319s9999 xx 000 0 ara d
020 _a2226054448
040 _aGCL /
_cGCL
082 0 4 _a920
_bP F
100 1 _aPARFENOFF, THIERRY
245 1 0 _aLES FIANCES DE BAGDAD /
_cPARFENOFF, THIERRY
260 _aفرنسا :
_bALBIN MICHEL, S.A ،
_c1989
300 _a24 CM ؛
_c230 P
650 0 4 _aGULF WAR
650 0 4 _aAUTOBIOGRAPHY
650 0 4 _aBAGDAD - HISTORY, 1991
942 _2ddc
_cBK
999 _c765
_d765